00491nam a2200205Ia 4500003000400000005001700004008004100021020001400062040000700076041000800083082001600091100002600107245002600133260006100159300001600220365000800236440000600244650002300250650001200273OSt20230403104436.0210423s1968 xx 000 0 und d a716604736 cAL aeng a030.02 WORL aWORLD book dictionary aWorld book dictionary aChicagobField Enterprises educational corporationc1968 avii,628bHB cINR v2 aEncyclopedic Works aGeneral